00783 2200253 4500001002100000005001500021035002000036007000300056008004100059020002200100082001000122084001600132100001900148245010900167260003800276300003600314500006700350650002100417700001900438700001900457504003100476990001100507990001100518INLIS00000000000414720190930022101 a0010-0919000077ta190930 g 0 ind  a978-602-14307-7-4 a371.1 a371.1 SHA t0 aSHARAN, Shlomo1 aThe Handbook of Cooperative Learning /cShlomo Sharan; alih bahasa, Sigit Prawoto; editor, Daru Wijayati aYogyakarta :bIstana Media,c2017 axv, 470 hlm. :bilus. ;c23 cm. aJudul asli : Handbook of Cooperative Learning Methods, Praeger 4aPENDIDIKAN. GURU0 aSIGIT, Prawoto0 aDARU, Wijayati aBibliografi : hlm. 455-470 a6925 a a6925 b